| 000 | 00680nam a2200217 a 4500 | ||
|---|---|---|---|
| 005 | 20220622063530.0 | ||
| 008 | 080229s2002 mx r 000 0 spa d | ||
| 020 | _a8420535931 | ||
| 035 | _aUPN01000154651 | ||
| 049 | _aI | ||
| 050 | 4 |
_aPZ76.3 _bJ3.8 |
|
| 100 | 1 | _aJara, Fátima de la | |
| 245 | 1 | 3 |
_aLa vaca Simoneta y el viento / _cFátima de la Jara ; il. Gerardo Domínguez. |
| 260 |
_aMadrid : _bAlhambra, _c2002. |
||
| 300 |
_a[24] p. : _bprincipalmente il. col. |
||
| 440 | 0 |
_aCuentos de los 7 colores ; _v3 |
|
| 650 | 0 |
_aAnimales _vCuentos y leyendas _9234 |
|
| 650 | 4 |
_aVACAS - _vCUENTOS Y LEYENDAS _99585 |
|
| 700 | 1 |
_aDomínguez, Gerardo, _eil. |
|
| 905 | _aInfantil | ||
| 999 |
_c126768 _d126768 |
||